WW1 Flags - Statistics

General Stats
  • This quiz has been taken 2,505 times
  • The average score is 19 of 22
Answer Stats
Picture Answer % Correct
Russian Empire
99%
USA
98%
Austria Hungary
97%
British Empire
97%
German Empire
96%
Italy
96%
France
94%
Belgium
93%
Japan
93%
Serbia
93%
Australia
91%
Romania
91%
Bulgaria
89%
New Zealand
89%
Ottoman Empire
88%
Luxembourg
85%
Canada
76%
Greece
75%
Portugal
74%
Riyadh
73%
Montenegro
69%
South Africa
40%
No matching quizzes found
Score Distribution
Percent of People with Each Score
Percentile by Number Answered
Your Score History
You have not taken this quiz